単位接頭辞クイズ - Statistics

General Stats
  • This quiz has been taken 151 times
  • The average score is 14 of 24
Answer Stats
Hint Answer % Correct
3 キロ
98%
6 メガ
98%
9 ギガ
98%
12 テラ
97%
-3 ミリ
96%
-1 デシ
93%
-6 マイクロ
90%
-9 ナノ
89%
-2 センチ
87%
1 デカ
76%
2 ヘクト
76%
-12 ピコ
72%
15 ペタ
67%
24 ヨタ
50%
-15 フェムト
36%
18 エクサ
35%
21 ゼタ
35%
-24 ヨクト
29%
-18 アト
28%
-21 ゼプト
18%
27 ロナ
13%
30 クエタ
12%
-27 ロント
10%
-30 クエクト
10%
No matching quizzes found
Score Distribution
Percent of People with Each Score
Percentile by Number Answered
Your Score History
You have not taken this quiz